Songs from Sweeney Todd - Statistics

General Stats
  • This quiz has been taken 611 times
  • The average score is 12 of 23
Answer Stats
Characters Answer % Correct
Mrs. Lovett "The Worst Pies in London"
90%
Anthony "Johanna"
88%
Anthony/Sweeney/Beggar Woman "No Place Like London/The Barber and his Wife"
79%
Sweeney/Judge "Pretty Women"
78%
Sweeney/Mrs. Lovett "My Friends"
69%
Toby/Mrs. Lovett "Not While I'm Around"
68%
Mrs. Lovett/Sweeney "A Little Priest"
67%
Mrs. Lovett "By the Sea"
67%
Johanna "Green Finch and Linnet Bird"
64%
Sweeney "Epiphany"
62%
Mrs. Lovett "Poor Thing"
61%
Toby/Sweeney/Mrs. Lovett "Pirelli's Miracle Elixir"
52%
Company "The Ballad of Sweeney Todd"
51%
Pirelli "The Contest"
46%
Mrs. Lovett "Wait"
45%
Toby/Mrs. Lovett/Sweeney "God, That's Good!"
42%
Johanna/Anthony "Kiss Me"
39%
The Beggars "City on Fire"
30%
Judge Turpin/The Beadle "Ladies in Their Sensitivities"
30%
Anthony/Beggar Woman "Ah, Miss"
23%
The Beadle/Mrs. Lovett/Toby "Parlor Songs"
19%
All "Final Sequence"
18%
Judge Turpin "Mea Culpa"
13%
No matching quizzes found
Score Distribution
Percent of People with Each Score
Percentile by Number Answered
Your Score History
You have not taken this quiz